Through storyland to sunset seas; (Record no. 51839)
[ view plain ]
| 000 -LEADER | |
|---|---|
| fixed length control field | 00904cam a22002531 4500 |
| 001 - CONTROL NUMBER | |
| control field | rc 01000549 |
| 003 - CONTROL NUMBER IDENTIFIER | |
| control field | DLC |
| 005 - DATE AND TIME OF LATEST TRANSACTION | |
| control field | 20260227111900.0 |
| 007 - PHYSICAL DESCRIPTION FIXED FIELD--GENERAL INFORMATION | |
| fixed length control field | cr_||||||||||| |
| 008 - FIXED-LENGTH DATA ELEMENTS--GENERAL INFORMATION | |
| fixed length control field | 791207s1895 ilua 000 0 eng |
| 010 ## - LIBRARY OF CONGRESS CONTROL NUMBER | |
| LC control number | rc 01000549 |
| 035 ## - SYSTEM CONTROL NUMBER | |
| System control number | (OCoLC)5773604 |
| 040 ## - CATALOGING SOURCE | |
| Original cataloging agency | DLC |
| Transcribing agency | TxU |
| Modifying agency | DLC |
| 042 ## - AUTHENTICATION CODE | |
| Authentication code | premarc |
| 050 00 - LIBRARY OF CONGRESS CALL NUMBER | |
| Classification number | F786 |
| Item number | .K68 |
| 100 1# - MAIN ENTRY--PERSONAL NAME | |
| Personal name | Kneedler, H. S. |
| 245 10 - TITLE STATEMENT | |
| Title | Through storyland to sunset seas; |
| Remainder of title | what four people saw on a journey through the Southwest to the Pacific coast. |
| Statement of responsibility, etc. | By H. S. Kneedler ... |
| 260 ## - PUBLICATION, DISTRIBUTION, ETC. | |
| Place of publication, distribution, etc. | Chicago, |
| Name of publisher, distributor, etc. | Knight, Leonard & Co., Printers, |
| Date of publication, distribution, etc. | 1895. |
| 300 ## - PHYSICAL DESCRIPTION | |
| Extent | 2 p. l., [3]-205 p. |
| Other physical details | illus. |
| Dimensions | 24 cm. |
| 530 ## - ADDITIONAL PHYSICAL FORM AVAILABLE NOTE | |
| Additional physical form available note | Also available in digital form on the Internet Archive Web site. |
| 651 #0 - SUBJECT ADDED ENTRY--GEOGRAPHIC NAME | |
| Geographic name | Southwest, New |
| General subdivision | Description and travel. |
| 651 #0 - SUBJECT ADDED ENTRY--GEOGRAPHIC NAME | |
| Geographic name | Southwest, Old |
| General subdivision | Description and travel. |
| 856 41 - ELECTRONIC LOCATION AND ACCESS | |
| Uniform Resource Identifier | <a href="http://hdl.loc.gov/loc.gdc/scd0001.00170630245">http://hdl.loc.gov/loc.gdc/scd0001.00170630245</a> |
No items available.